01706nam a2200313 4500001000400000003000400004005001700008008004100025020001800066040000800084041001300092082001500105100003600120240002000156245010500176260003200281300001100313490003000324520082500354650002401179650001601203650001401219650002201233655001001255655001601265700004201281700003901323830003001362355OSt20250528074019.0250401b |||||||e |||| 00| 1 eng d a9788520914144 bpor hfreapor a843bB386m1 aBeauvoir, Simone de,d1908-1986 aLa femme rompue aA mulher Desiludida / cBeauvoir, Simone de ; Tradução de Helena Silveira e Marya A. Bon Barbosa aSão PaulobO globo c2003 a190 p.1 aBiblioteca Folhavvol. 23 aEm A mulher desiludida, temos a reunião de três contos: “A idade da discrição”, “Monólogo” e “A mulher desiludida”. São três histórias distintas, independentes. Na primeira, um casal de intelectuais de esquerda se vê em conflito com as posições cada vez mais conservadoras do filho, o que se pode ver como prenúncio do choque de gerações de Maio de 68. Na segunda se dá o monólogo de uma mulher angustiada e fora de si, após dois casamentos fracassados e o suicídio da própria filha. A última história trata do desmoronamento da vida de uma mulher abandonada pelo marido e desprezada pelas filhas. Indo do envelhecimento, passando pela solidão e culminando no abandono dos entes queridos, os contos refletem sobre a condição da mulher e seu papel na sociedade. 0aLiteratura francesa 0aClássicos 0aFeminismo 0aHistorias curtas  0aConto 0aFicção  aHelena SilveiraeTraduçãod1911-  aMarya A. Bon BarbosaeTradução aBiblioteca Folhavvol. 23